| 000 | 00576nam a2200169Ia 4500 | ||
|---|---|---|---|
| 003 | GCL | ||
| 008 | 140319s9999 xx 000 0 ara d | ||
| 040 |
_aGCL / _cGCL |
||
| 082 | 0 | 4 |
_aد _b050 _bش ز |
| 245 | 1 | 0 | _aالزهور (64 يناير 2006) |
| 250 | _aالاولى | ||
| 260 |
_a[S.N] : _bشركة النيل للاعلام والنشر المحدودة ، _c2006 |
||
| 650 | 0 | 4 | _aالتدخين - التاثير الفسيولوجى |
| 650 | 0 | 4 | _aانفلونزا الطيور - الوقاية |
| 650 | 0 | 4 | _aجرائم التليفون المحمول |
| 942 |
_2ddc _cCR |
||
| 999 |
_c7850 _d7850 |
||